| 000 | 02252nam a2200481 c 4500 | ||
|---|---|---|---|
| 003 | BLK | ||
| 005 | 20250404115900.0 | ||
| 008 | 180408b bul|||||r ||||||| ||bul|| | ||
| 010 | _aKNG00084418000 | ||
| 020 |
_a978-954-535-505-9 _bиздат.: Нов бълг. унив. |
||
| 040 | _aBLK | ||
| 041 |
_aBUL _cBUL |
||
| 072 | 7 |
_2bullib _aЕ _xКартотека "Европейски съюз" |
|
| 080 |
_aИзбори. - Плебисцити. Народно гласуване. Референдуми. Изборна борба. Резултати от избори. Вж и 342. 8 _b324 _x(497.2)(08) _z324(497.2)(08) |
||
| 080 |
_aФормиране на парламентарно мнозинство _b328.12 _x(4-6)(08) _z328.12(4-6)(08) |
||
| 700 |
_aПетрова, Людмила Божидарова _d1963 - _gЖурналист _9274366 |
||
| 700 | 1 |
_aСтоицова, Толя Ангелова _eсъстав. _9372268 |
|
| 139 |
_aПърва година европейска България : избори и образи _bП 97 |
||
| 245 | 1 | 0 |
_aПърва година европейска България : избори и образи _cсъстав. Людмила Божидарова Петрова; състав. Толя Ангелова Стоицова. |
| 257 | _aBGR | ||
| 260 |
_аСофия _bНов бълг. унив. _c2008 |
||
| 300 |
_a143 с. _bс табл., диагр. _c21 см |
||
| 380 | _a3 | ||
| 490 | 1 | _aСерия Политика | |
| 500 | _aБиблиогр. след отд. статии. | ||
| 504 | _aслед отд. стати | ||
| 590 | _aф | ||
| 650 | 4 |
_aИзбори - България _9247738 |
|
| 650 | 4 |
_aЕвропейски парламент _9299421 |
|
| 650 | 4 |
_aБългария и Европейски съюз _9257539 |
|
| 651 | 4 |
_aБългария _9241624 |
|
| 653 | _aвътрешна политика | ||
| 653 | _aизбори | ||
| 653 | _aобществени отношения | ||
| 653 | _aЕвропейски парламент | ||
| 659 | _aЕ | ||
| 852 | _aЦб 240497 | ||
| 856 | 4 |
_qpdf _u |
|
| 856 | 4 |
_qpdf _u |
|
| 942 |
_cKNG _n0 |
||
| 944 |
_aCR _c19.06.2008 _k30560 _lГеновева Генчева |
||
| 944 |
_aED _c10.03.2009 _k |
||
| 999 |
_c79935 _d79935 |
||